000
00256nam a2200097Ia 4500
008
231212s1994 xx 000 0 und d
041
_a
eng
100
_a
Badri Ram
245
_a
Fundamentals Of Microprocessor & Microcomputers
260
_a
Pune
_b
Dhanpat
_c
1994
999
_c
963765
_d
963765